the fellowship of the ring (Record no. 9255)

MARC details
000 -LEADER
fixed length control field 00935nam a22001817a 4500
003 - CONTROL NUMBER IDENTIFIER
control field OSt
005 - DATE AND TIME OF LATEST TRANSACTION
control field 20260318012711.0
008 - FIXED-LENGTH DATA ELEMENTS--GENERAL INFORMATION
fixed length control field 260318b |||||||| |||| 00| 0 eng d
040 ## - CATALOGING SOURCE
Original cataloging agency DWCL GS library
Transcribing agency OC
082 ## - DEWEY DECIMAL CLASSIFICATION NUMBER
Classification number Fic. T577f 1993
100 ## - MAIN ENTRY--PERSONAL NAME
Personal name Tolkein , J.R.R
245 ## - TITLE STATEMENT
Title the fellowship of the ring
Remainder of title : being the first part of the lord of the rings
Statement of responsibility, etc. J.R.R Tolkein
260 ## - PUBLICATION, DISTRIBUTION, ETC.
Place of publication, distribution, etc. New York
Name of publisher, distributor, etc. Houghton Mifflin company
Date of publication, distribution, etc. C1954
300 ## - PHYSICAL DESCRIPTION
Extent 398
Dimensions 21cm
520 ## - SUMMARY, ETC.
Summary, etc. The Fellowship of the Ring (1954), the first volume of J.R.R. Tolkien’s The Lord of the Rings, follows hobbit Frodo Baggins as he inherits the dangerous One Ring from Bilbo Baggins. Advised by Gandalf, Frodo flees the Shire with his companions to prevent the Dark Lord Sauron from retrieving the ring, leading to a perilous journey toward Rivendell.
700 ## - ADDED ENTRY--PERSONAL NAME
Personal name J.R.R Tolkein
942 ## - ADDED ENTRY ELEMENTS (KOHA)
Source of classification or shelving scheme Dewey Decimal Classification
Koha item type Fiction
Classification part Fic. T577f 1993
Suppress in OPAC No
952 ## - LOCATION AND ITEM INFORMATION (KOHA)
--
Holdings
Withdrawn status Lost status Source of classification or shelving scheme Damaged status Not for loan Home library Current library Shelving location Date acquired Source of acquisition Total Checkouts Full call number Barcode Date last seen Price effective from Koha item type Uniform Resource Identifier
    Dewey Decimal Classification     Grade School Library Grade School Library Fiction 03/18/2026 School Fund, Donation   Fic. T577f 1993 8170 03/18/2026 03/18/2026 FIC.